| 000 -LEADER |
| fixed length control field |
01188pab a2200157 454500 |
| 008 - FIXED-LENGTH DATA ELEMENTS--GENERAL INFORMATION |
| fixed length control field |
180718b xxu||||| |||| 00| 0 eng d |
| 100 ## - MAIN ENTRY--PERSONAL NAME |
| Personal name |
Maranto Robert |
| 245 ## - TITLE STATEMENT |
| Title |
Neutrality: an enduring principle of the federal service |
| 362 ## - DATES OF PUBLICATION AND/OR SEQUENTIAL DESIGNATION |
| Dates of publication and/or sequential designation |
22(3), Sep 1992, p.173-87 |
| 520 ## - SUMMARY, ETC. |
| Summary, etc. |
Although many proponents of civil service reform question the principles of classical American public administration and specially reject its neutral competence model of federal service, the principle of neutrality continues to be an important belief of federal career execultives. This finding is based on an analysis of responses to a survey of 1,045 high leve (SES and GM-15) Carerrist and 242 political appointees federal from 15 federal organizations undertaken in November and December of 1987. As expected, Regan political appointees profess slighty more support for the neturality principle that their career subordinates. Still, careerist support for the principle is high and relatively uniform across organiza |
| 650 ## - SUBJECT ADDED ENTRY--TOPICAL TERM |
| Topical term or geographic name entry element |
Public Administration -- U.S.A. |
| 650 ## - SUBJECT ADDED ENTRY--TOPICAL TERM |
| Topical term or geographic name entry element |
Civil Service -- U.S.A. |
| 700 ## - ADDED ENTRY--PERSONAL NAME |
| Personal name |
Skelly B. Douglas |
| 773 ## - HOST ITEM ENTRY |
| Main entry heading |
American Review of Public Administration |
| 909 ## - |
| -- |
27198 |